Historia de las civilizaciones antiguas

Saved in:
Bibliografiske detaljer
Hovedforfatter: Cotterell, Arthur (Author)
Format: Bog
Sprog:spansk
Udgivet: Barcelona Crítica 1984
Serier:General Estudios y Ensayos, 135, 136
Fag:
Tags: Tilføj Tag
Ingen Tags, Vær først til at tagge denne postø!

MARC

LEADER 00000nam a2200000 a 4500
001 UCP8704
003 CL-VaPUC
008 000310e19840000SP |||||||||||||||||spa|d
020 |a 8484321126o.c 
020 |a 8484320979v.1 
020 |a 8484321118v.2 
082 0 4 |a 930  |b COT  |2 21 
100 0 |a Cotterell, Arthur  |e author  |9 438849 
245 1 0 |a Historia de las civilizaciones antiguas 
300 |a 2 v 
942 |c BK 
945 |d 20000310 00:00:00  |a rherrera 
260 |a Barcelona  |b Crítica  |c 1984 
500 |a v.1: Egipto, Oriente Próximo 
500 |a v.2: Europa, América, China, India 
650 0 |a Historia antigua  |9 267521 
650 0 |a Civilizaciones antiguas  |9 265998 
650 0 |a Prehistoria  |9 316557 
650 0 |a Civilización egipcia   |9 433926 
650 7 |a CIVILIZACION CHINA  |2 CL-VaPUC  |9 438850 
650 7 |a CIVILIZACION INDIA  |2 CL-VaPUC  |9 438851 
651 0 |a Egipto   |9 268199 
651 7 |a ORIENTE  |2 CL-VaPUC  |9 266721 
651 0 |a Europa  |9 255156 
651 0 |a América  |9 255182 
651 0 |a China   |9 257545 
651 0 |a India  |9 267804 
583 |a last modification  |c 20000310 00:00:00  |k Rodrigo Vera 
490 0 |a General Estudios y Ensayos, 135, 136 
999 |c 285595  |d 285593 
952 |0 0  |1 0  |4 0  |6 930_000000000000000_COT_1984  |7 0  |8 A  |9 330316  |a BIBHIS  |b BIBHIS  |d 2019-11-20  |h v.1  |i 1393472  |o 930 COT 1984  |p 1393472  |r 2025-01-20  |w 2019-11-20  |y BK  |k HIS 
952 |0 0  |1 0  |4 0  |6 930_000000000000000_COT_1984  |7 0  |8 A  |9 330317  |a BIBHIS  |b BIBHIS  |d 2019-11-20  |h v.2  |i 1393480  |l 1  |o 930 COT 1984  |p 1393480  |r 2025-01-20  |s 2022-09-21  |w 2019-11-20  |y BK  |k HIS 
952 |0 0  |1 0  |4 0  |6 930_000000000000000_COT_1984  |7 0  |8 A  |9 330318  |a BIBHIS  |b BIBHIS  |d 2019-11-20  |h v.1  |i 4750861  |o 930 COT 1984  |p 4750861  |r 2025-01-20  |w 2019-11-20  |y BK  |k HIS 
952 |0 0  |1 0  |4 0  |6 930_000000000000000_COT_1984  |7 0  |8 A  |9 330319  |a BIBHIS  |b BIBHIS  |d 2019-11-20  |h v.2  |i 475087K  |o 930 COT 1984  |p 475087K  |r 2025-01-20  |w 2019-11-20  |y BK  |k HIS